Movies Quiz

Random Movies or Role Quiz

Michael Caine Movies Quiz Stats

 Plays Quiz Updated Jan 13, 2019

Challenge
Share
Tweet
Embed
Score 0/115 Timer 10:00
0 Plays Today
Year Movie % Correct
2008The Dark Knight
85.5%
2005Batman Begins
82.1%
2012The Dark Knight Rises
80.2%
1966Alfie
69%
1969The Italian Job
59.8%
1999The Cider House Rules
57.1%
1971Get Carter
54.8%
2000Get Carter
54.8%
1964Zulu
52%
1992The Muppet Christmas Carol
51.6%
2002Austin Powers in Goldmember
49.2%
1986Hannah and Her Sisters
44.2%
1988Dirty Rotten Scoundrels
43.9%
1972Sleuth
42.9%
2007Sleuth
42.9%
2014Interstellar
41.2%
1975The Man Who Would Be King
40.7%
1987Jaws: The Revenge
39.9%
1965The Ipcress File
39%
2011Cars 2
38.9%
2016Now You See Me 2
38.9%
2009Harry Brown
38.8%
2010Inception
37.8%
2006The Prestige
37.5%
1977A Bridge Too Far
36.8%
2013Now You See Me
35.1%
1983Educating Rita
34%
2000Miss Congeniality
29.2%
2002The Quiet American
28.8%
1976The Eagle Has Landed
27.3%
1969Battle of Britain
26.4%
2006Children of Men
26.1%
1980Dressed to Kill
26.1%
1966Funeral in Berlin
25.7%
2014Kingsman: The Secret Service
25.4%
1967Billion Dollar Brain
25.2%
2017Going in Style
25%
1984Blame It on Rio
24.8%
1988Without a Clue
24.5%
Year Movie % Correct
2015Youth
24.4%
1978The Swarm
22.6%
1981Victory
22.4%
2003Secondhand Lions
21.5%
1998Little Voice
20.8%
1982Deathtrap
19.7%
2015The Last Witch Hunter
18.5%
1981The Hand
18.3%
1986Mona Lisa
18.1%
1995Bullet to Beijing
17.3%
1966Gambit
17.3%
1985Water
17.1%
2011Gnomeo & Juliet
17.1%
1987The Fourth Protocol
16.5%
1980The Island
16.5%
1985The Holcroft Covenant
16.5%
2000Quills
15.5%
1972Pulp
15.5%
1978California Suite
15.2%
1979Beyond the Poseidon Adventure
14.2%
1994On Deadly Ground
14.2%
2001Last Orders
13.9%
1974The Black Windmill
13.9%
1970Too Late the Hero
13.8%
1971Kidnapped
13.8%
2005The Weather Man
13.7%
1996Blood and Wine
13.6%
2012Journey 2: The Mysterious Island
13.5%
2007Flawless
13%
2005Bewitched
12.9%
1979Ashanti
12.8%
1996Midnight in Saint Petersburg
12.7%
1990A Shock to the System
12.2%
1990Bullseye!
12.1%
2013Last Love
12.1%
1956A Hill in Korea
12.1%
1992Noises Off...
11.8%
1966The Wrong Box
11.6%
1983The Jigsaw Man
11.6%
Year Movie % Correct
1975The Wilby Conspiracy
11.1%
1968Play Dirty
11%
1990Mr. Destiny
10.9%
1987The Whistle Blower
10.8%
2008Is Anybody There?
10.8%
2000Shiner
10.7%
1983The Honorary Consul
10.7%
1975The Romantic Englishwoman
10.6%
2018Sherlock Gnomes
10.5%
1992Blue Ice
10.4%
1967Hurry Sundown
10.1%
1970The Last Valley
10.1%
1976Harry and Walter Go to New York
10.1%
2003The Actors
10.1%
1978Silver Bears
10%
1986Half Moon Street
9.9%
2014Stonehearst Asylum
9.6%
1968The Magus
9.6%
1986Sweet Liberty
9.4%
1968Deadfall
9.3%
1972Zee and Co.
9.3%
1967Woman Times Seven
9.2%
1975Peeper
8.9%
1974The Marseille Contract
8.9%
1987Surrender
8.5%
2003The Statement
8.5%
1960Foxhole in Cairo
8.3%
1957How to Murder a Rich Uncle
7.9%
1958The Two-Headed Spy
7.9%
2003Quicksand
7.8%
2004Around the Bend
7.1%
1958Blind Spot
6.9%
1999Curtain Call
6.5%
1999The Debtors
6.4%
1998Shadow Run
5.9%
2018King of Thieves
5.3%
2017Dear Dictator
1.1%

You're not logged in!

Compare scores with friends on all Sporcle quizzes.
OR
Log In

You Might Also Like...

Show Comments

Extras

Top Quizzes Today


Score Distribution

Your Account Isn't Verified!

In order to create a playlist on Sporcle, you need to verify the email address you used during registration. Go to your Sporcle Settings to finish the process.

Report this User

Report this user for behavior that violates our Community Guidelines.

Details: